Anatomía del berilusconismo /

En el presente artículo se estudia la anotomía del sistema creado por Berlusconi, aportando una enumeración de las patologías y corrupciones a las que ha dado lugar, a fin de evaluar lo que supondrán para la sociedad y la Constitución.

Gespeichert in:
Bibliographische Detailangaben
1. Verfasser: Flores D'Arcais, Paolo
Format: Text
Schlagworte:
Tags: Tag hinzufügen
Keine Tags, Fügen Sie den ersten Tag hinzu!

MARC

LEADER 00000 a a2200000 04500
001 43154
003
040
100 |a Flores D'Arcais, Paolo  
245 |a Anatomía del berilusconismo /  |c Paolo Flores D'Arcais  
520 |a En el presente artículo se estudia la anotomía del sistema creado por Berlusconi, aportando una enumeración de las patologías y corrupciones a las que ha dado lugar, a fin de evaluar lo que supondrán para la sociedad y la Constitución.  
590 |a SJB/NOVIEMBRE2012  
650 |a 1. PARTICIPACION POLITICA  
650 |a 2. CORRUPCION  
650 |a 3. PODER  
650 |a 4. REPRESION  
650 |a 5. DESIGUALDAD SOCIAL  
650 |a 6. DEMOCRACIA  
650 |a 7. IDEOLOGIAS  
650 |a 8. ITALIA  
773 |g número68 (mayo-junio, 2011), 105-122  
999 |c 37888  |d 37888